| 000 | 00392nam a22001697a 4500 | ||
|---|---|---|---|
| 003 | SGT | ||
| 020 | _a9788131231043 | ||
| 082 |
_a610.7362 _bC19B |
||
| 100 | _aBEEVI, ASSUMA | ||
| 245 | _aCONCISE TB. OF PAEDIATRIC NURSING | ||
| 250 | _a2ND | ||
| 260 |
_aINDIA _bELSEVIER PUB _c2019 |
||
| 300 | _a497 | ||
| 650 | _aPEDIATRIC NURSING | ||
| 653 | _aPEDIATRIC NURSING | ||
| 942 |
_2ddc _cBK |
||
| 999 |
_c27295 _d27295 |
||